000 00349nam a2200145Ia 4500
003 OSt
005 20240312114102.0
008 170524s9999 xx 000 0 und d
020 _a 9788125905530
040 _ciimtu
100 _aBHATTACHARYYA- S.K
245 0 _aACCOUNTING FOR MANAGEMENT TEXT& CASES
260 _bVIKAS PUB.HOUSE
942 _2ddc
_c02
999 _c8198
_d8198